000 00296nam a2200121Ia 4500
005 20251222140053.0
008 251222s1900||||xx |||||||||||||| ||spa||
082 _a189/G45E
100 _aGilson, Étienne
245 0 _aL'Esprit de la Philosophie Medievale
264 _bPhilosophique
942 _cLIB
999 _c3671
_d3671